Loading...
| Current Events | 1 | 20.00 | 100% | 100% | 0% |
| Fine Arts - Auditory | 2 | 20.00 | 100% | 100% | 0% |
| Fine Arts - Other | 4 | 12.50 | 100% | 0% | 25% |
| Fine Arts - Visual | 5 | 10.00 | 80% | 20% | 0% |
| Geography | 5 | 20.00 | 100% | 60% | 40% |
| History - American | 6 | 11.67 | 83% | 33% | 0% |
| History - Ancient/Other | 3 | 10.00 | 100% | 0% | 0% |
| History - European | 4 | 15.00 | 100% | 0% | 50% |
| History - World | 6 | 18.33 | 100% | 67% | 17% |
| Literature - American | 7 | 11.43 | 86% | 29% | 0% |
| Literature - British | 4 | 12.50 | 100% | 25% | 0% |
| Literature - World | 6 | 11.67 | 83% | 33% | 0% |
| Other Academic | 3 | 16.67 | 100% | 67% | 0% |
| Philosophy | 3 | 13.33 | 100% | 33% | 0% |
| Religion | 3 | 13.33 | 33% | 67% | 33% |
| Science - Biology | 6 | 16.67 | 100% | 67% | 0% |
| Science - Chemistry | 2 | 10.00 | 50% | 50% | 0% |
| Science - Other | 8 | 15.00 | 88% | 38% | 25% |
| Science - Physics | 4 | 10.00 | 75% | 25% | 0% |
| Social Science | 5 | 14.00 | 100% | 20% | 20% |